Générique Pokémon - Paroles - Statistiques

Statistiques générales
  • Ce quiz a été pris 52 171 fois
  • Le résultat moyen est 15 sur 19
Statistiques - réponses
Paroles % Correct
Un jour je serai le {meilleur} {dresseur}
99%
Je parcourrai la terre {entière}
91%
Et gagner les {défis}
88%
Pokemon ! {Attrapez}-{les} {tous}
88%
Je me battrai {sans} {répit}
86%
Je ferai tout pour {être} {vainqueur}
85%
Pokémon ! Rien ne nous {arrêtera}
83%
Ensemble pour {la} {victoire} !
82%
Pokémon ! {Attrapez}-{les} {tous}
82%
Traquant avec {espoir}
80%
Les Pokémon et leurs {mystères}
79%
Attrapez-les tous ! {Pokémon} !
77%
Pokémon ! {Attrapez}-{les} {tous}
77%
Le secret de {leurs} {pouvoirs}
71%
Notre amitié {triomphera} !
71%
C'est notre {histoire}
69%
Ça demande {du} {courage}
65%
Un voyage d'{apprentissage}
46%
Même à {notre} {âge}
36%
Aucun quiz correspondant
Distribution des résultats
% des personnes avec chaque résultat
Percentile par nombre de réponses
Votre historique - résultats
Vous n’avez pas pris ce quiz